Catálogo

Producción estratégica y hegemonía mundial / (Registro nro. 60697)

Detalles MARC
000 -LEADER
fixed length control field 01188cam a2200313 i 4500
001 - CONTROL NUMBER
control field 60697
003 - CONTROL NUMBER IDENTIFIER
control field Mx-PuUPA
005 - DATE AND TIME OF LATEST TRANSACTION
control field 20221024093719.0
008 - FIXED-LENGTH DATA ELEMENTS--GENERAL INFORMATION
fixed length control field 140415s1995 mx abf gr 000 0 spa d
020 ## - INTERNATIONAL STANDARD BOOK NUMBER
International Standard Book Number 968231948X
040 ## - CATALOGING SOURCE
Original cataloging agency MX-PuUPA
Language of cataloging spa
Description conventions rda
Transcribing agency Mx-PuUPA
Modifying agency Mx-PuUPA
041 0# - LANGUAGE CODE
Language code of text/sound track or separate title spa
245 00 - TITLE STATEMENT
Title Producción estratégica y hegemonía mundial /
Statement of responsibility, etc. por Edgar Amador [y otros 10] ; coordinado por Ana Esther Ceceña, Andrés Barreda.
250 ## - EDITION STATEMENT
Edition statement Primera edición
264 #1 - PRODUCTION, PUBLICATION, DISTRIBUTION, MANUFACTURE, AND COPYRIGHT NOTICE
Place of production, publication, distribution, manufacture México, D.F. :
Name of producer, publisher, distributor, manufacturer Siglo XXI editores,
Date of production, publication, distribution, manufacture, or copyright notice 1995
300 ## - PHYSICAL DESCRIPTION
Extent 541 páginas, 4 páginas de láminas sin numerar :
Other physical details ilustraciones, mapas, láminas (principlamente color), gráficas ;
Dimensions 21 cm
336 ## - CONTENT TYPE
Content type term texto
Fuente rdacontent
Content type code txt
337 ## - MEDIA TYPE
Media type term sin medio
Source rdamedia
Media type code n
338 ## - CARRIER TYPE
Carrier type term volumen
Source rdacarrier
Carrier type code nc
490 0# - SERIES STATEMENT
Series statement Sociología y política
650 #7 - SUBJECT ADDED ENTRY--TOPICAL TERM
Topical term or geographic name entry element Historia económica
Chronological subdivision 1945
Source of heading or term armarc
650 #7 - SUBJECT ADDED ENTRY--TOPICAL TERM
Topical term or geographic name entry element Capitalismo
General subdivision Historia
Chronological subdivision Siglo XX
Source of heading or term armarc
700 1# - ADDED ENTRY--PERSONAL NAME
Personal name Amador, Edgar,
Relator term autor
700 1# - ADDED ENTRY--PERSONAL NAME
Personal name Ceceña, Ana Esther,
Relator term coordinador
9 (RLIN) 5433
700 1# - ADDED ENTRY--PERSONAL NAME
Personal name Barreda, Andrés,
Relator term coordinador
942 ## - ADDED ENTRY ELEMENTS (KOHA)
Source of classification or shelving scheme Dewey Decimal Classification
Classification part 338.0904
Item part P962
Koha item type Libro
Existencias
Withdrawn status Lost status Source of classification or shelving scheme Damaged status Not for loan Collection code Home library Current library Shelving location Date acquired Source of acquisition Total Checkouts Full call number Barcode Date last seen Date last checked out Price effective from Koha item type Copy number
    Dewey Decimal Classification     General Biblioteca Karol Wojtyla Biblioteca Karol Wojtyla Sala general 09/10/2017 Compra 1 338.0904 P962 1995 97393 05/01/2026 07/11/2018 09/10/2017 Libro  
    Dewey Decimal Classification     General Biblioteca Karol Wojtyla Biblioteca Karol Wojtyla Sala general 03/12/2013 Donación   338.0904 P962 1995 48765 05/01/2026   03/12/2013 Libro Ej.2